000
00240nam a2200097Ia 4500
001
985112
005
20250826221037.0
008
250824s9999 xx 000 0 und d
245
0
_a
ÇALINAN MEKTUP
_c
EDGAR ALLAN POE
260
_b
KETEBE YAYINLARI
999
_c
985112
_d
985112